Un recurso viable para contrarrestar la volatibilidad y la incertidumbre, factores desencadenantes de la crisis económico-financieras contemporáneas /
Salvato in:
| Autore principale: | |
|---|---|
| Ente Autore: | |
| Altri autori: | |
| Natura: | testo |
| Lingua: | Spanish |
| Pubblicazione: |
Buenos Aires:
CENEDIC. CLACSO
|
| Edizione: | 2 |
| Soggetti: | |
| Tags: |
Aggiungi Tag
Nessun Tag, puoi essere il primo ad aggiungerne!!
|
MARC
| LEADER | 00000 a a2200000 04500 | ||
|---|---|---|---|
| 001 | 38369 | ||
| 003 | cru IIS | ||
| 005 | 20230314090251.0 | ||
| 008 | 230314b |||||||| |||| 00| 0 spa d | ||
| 020 | |a 950-9231-71-1 | ||
| 040 | |c cru IIS |d cru IIS | ||
| 090 | |a 0001 G191g | ||
| 100 | 1 | |a Santos Valle, José Lorenzo |9 11006 | |
| 110 | |a CLACSO | ||
| 245 | |a Un recurso viable para contrarrestar la volatibilidad y la incertidumbre, factores desencadenantes de la crisis económico-financieras contemporáneas / |c José Lorenzo Santos Valle | ||
| 250 | |a 2 | ||
| 260 | |a Buenos Aires: |b CENEDIC. CLACSO | ||
| 300 | |a 211-228 p. | ||
| 650 | |a EMPRESAS | ||
| 650 | |a REFORMA ECONOMICA | ||
| 650 | |a POLITICA FINANCIERA | ||
| 650 | |a ESTUDIOS DE CASOS | ||
| 650 | |a MEXICO | ||
| 700 | |a comp. | ||
| 942 | |2 ddc |c LI | ||
| 999 | |c 12617 |d 12617 | ||
| 773 | 0 | |0 13387 |9 8413 |a Gambina, Julio |d Buenos Aires: CLACSO. ATTAC. ASDI |o 05853 |t La Globalización económica-financiera y el impacto en America Latina: estrategias de regulación y respuestas sociales y políticas del movimiento popular / |w (cru IIS)27259 |z 950-9231-71-1 | |



